000 00901cam a2200265 4500
008 090401t1996 xxu||||| |||| 00| 0 eng d
020 _a0854067582
035 _a(Sirsi) u64925
041 0 _aeng
050 0 4 _a333.332 $2 18
090 _aRICS 1996/29ABCD
110 2 _aRoyal Institution of Chartered Surveyors
_94900
245 0 4 _aThe valuation of business property
_bguidance to clients and model conditions of engagement for valuation effective from 1 May 1996
250 _a4th ed.
260 _aLondon
_bRICS
_c1996
300 _a10p.
_c21x10cm.
350 _a0
490 0 _aRICS Conditions of Engagement
490 0 _aRICS Guidance Note
520 _aReproduced in "RICS Appraisal and Valuation Manual" (ISBN 0854066993)
651 4 _aUnited Kingdom
_y
690 _aPROPERTY-COMMERCIAL PROPERTY-COMMERCIAL PROPERTY APPRAISAL AND VALUATION
942 _n0
948 _c04/03/1997
999 _c94718
_d94718